Pays à 3 syllabes commençant par un S (dans l'ordre alphabétique) - Statistiques

Statistiques générales
  • Ce quiz a été pris 34 fois
  • Le résultat moyen est 7 sur 11
Statistiques - réponses
Hint Réponse % Correct
S Slovaquie
83%
S Slovénie
83%
S Suriname
83%
S Somalie
80%
S Sénégal
73%
S Saint-Marin
67%
S Singapour
67%
S Salvador
57%
S Sri Lanka
53%
S Samoa
43%
S Salomon
30%
Aucun quiz correspondant
Distribution des résultats
% des personnes avec chaque résultat
Percentile par nombre de réponses
Votre historique - résultats
Vous n’avez pas pris ce quiz